Catalog

Record Details

Catalog Search



Dragon drive. #10, Departure / story & art by ... Read More

Available copies

  • 2 of 2 copies available at LARL/NWRL Consortium.
  • 2 of 2 copies available at Lake Agassiz Regional Library. (Show preferred library)

Current holds

0 current holds with 2 total copies.

Show Only Available Copies
Location Call Number / Copy Notes Barcode Shelving Location Status Due Date
Crookston Public Library Y G SAK (Text) 33500009959503 Main Available -
Moorhead Public Library Y G SAK (Text) 33500009959495 Main Available -

Record details

  • ISBN: 9781421516141
  • ISBN: 1421516144
  • Physical Description: 183 p. : chiefly ill. ; 19 cm.
  • Edition: Shonen Jump manga ed.
  • Publisher: San Francisco, CA : VIZ Media, 2008.

Content descriptions

General Note:
Reads from right to left.
Summary, etc.:
"The boundaries between Earth and Rikyu have ... Read More
Target Audience Note:
Rated A for all ages.
Subject: Teenagers > Comic books, strips, etc.
Dragons > Comic books, strips, etc.
Genre: Fantasy fiction.
Graphic novels.
LDR 01804cam a2200385Ka 4500
00198770
003LARL_NWRL_CONSORTIUM
00520081209134343.0
008080222s2008 caua 000 1 eng d
020 . ‡a9781421516141
020 . ‡a1421516144
035 . ‡a(OCoLC)209711903
0411 . ‡aeng ‡hjpn
092 . ‡a[Fic] ‡bSakura
1001 . ‡aSakura, Ken-ichi. ‡0(LARL_NWRL_CONSORTIUM)213401
24510. ‡aDragon drive. ‡n#10, ‡pDeparture / ‡cstory & art by Ken-ichi Sakura in collaboration with Bandai-Chan's-Org.
24630. ‡aDeparture
250 . ‡aShonen Jump manga ed.
260 . ‡aSan Francisco, CA : ‡bVIZ Media, ‡c2008.
300 . ‡a183 p. : ‡bchiefly ill. ; ‡c19 cm.
4900 . ‡aDragon drive ; ‡v10
520 . ‡a"The boundaries between Earth and Rikyu have shattered, and only Takumi and his dragon Raikoo can heal the two worlds. Now Takumi is on the run from Ri-IN, a shady organization with a myterious interest in the Raikoo dragons. Fortunately, help is on the way: four veterans of the previous Rikyu conflict have reunited as adults to join the new battle!"--p. [4] of cover.
500 . ‡aReads from right to left.
521 . ‡aRated A for all ages.
650 0. ‡aTeenagers ‡vComic books, strips, etc.
650 0. ‡aDragons ‡vComic books, strips, etc.
655 0. ‡aFantasy fiction.
655 0. ‡aGraphic novels.
901 . ‡a98770 ‡bOCLC ‡c98770 ‡tbiblio

Additional Resources